Flagi powiatów w Łódzkiem - Statystyki

Ogólne statystyki
  • Ten quiz został rozwiązany 27 razy
  • Średni wynik to 10 z 24
Statystyki odpowiedzi
Obrazkowy Odpowiedź % Poprawnych
Łódź
100%
Piotrków Trybunalski
50%
bełchatowski
44%
łaski
44%
łódzki wschodni
44%
łowicki
44%
pabianicki
44%
radomszczański
44%
zgierski
44%
kutnowski
38%
opoczyński
38%
pajęczański
38%
piotrkowski
38%
sieradzki
38%
Skierniewice
38%
skierniewicki
38%
tomaszowski
38%
wieluński
38%
wieruszowski
38%
zduńskowolski
38%
brzeziński
31%
łęczycki
31%
poddębicki
31%
rawski
31%
Nie znaleziono quizów pasujących do podanych kryteriów
Rozkład punktacji
Procent ludzi z każdym wynikiem
Percentyl według liczby udzielonych odpowiedzi
Twoja historia wyników
Nie rozwiązałeś tego quizu